000 00309nab a22001097u 4500
008 130520b1987 xxu||||| |||| 00| 0 spa d
041 _aspa
100 1 _aMenozzi, Daniele
_911955
245 0 0 _aEl caso de Italia
_cDaniele Menozzi
773 0 _tConcilium
_gV.2,1987,págs.241-251
_x0210-1041
_wRev134
942 _cAR
999 _c355329
_d355329